000 00881nam a22002417a 4500
008 240706b mp ||||| |||| 00| 0 mon d
020 _a978-99973-1-794-0
035 _a62373
040 _aBH0164090
_bmon
_cMN-UlNLM
_dMN-UlNLM
_erda
041 _amon
042 _a188211
084 _2NNA
_a83.8
_bК.989
100 _aКэстнер Э.
245 0 _aЛотте, Луизе хоёр
264 _aУБ.
_bМОНСУДАР
_c2019
300 _a188х.
336 _2rdacontent
_atext
_btxt
337 _2rdamedia
_aunmediated
_bn
338 _2rdacarrier
_avolume
_bnc
650 _aНэрт зохиолч, яруу найрагч Эрих Кастнер нь 1960 онд бага насныхаа намтар зохиолоор Ханс Кристиан Андерсений шагналыг хүртсэн бөг...
942 _2NNA
_cBK
999 _c1122559
_d1122616